MARC

LEADER 00000nas a22000007a 4500
001 ssj0000116
003 WaSeSS
005 20200512172242.0
006 m d
007 cr n
008 980309d19721997dcuuu p s 0 a0eng
010 |a  2012203812 
022 |a 2169-1894  |y 0361-4336 
035 |a (WaSeSS)ssj0000116 
040 |a FGA  |b eng  |c FGA  |d OCL  |d OCLCQ  |d FQM  |d CO3  |d OCLCQ  |d DLC  |d OCLCQ  |d OCLCF  |d OCLCO  |d OCLCQ  |d OCLCO  |d OCLCQ  |d ZAC  |d OCLCO  |d OCLCA  |d U3W  |d OCLCO  |d OCLCA  |d AU@  |d OCLCO  |d WYU  |d OCLCO  |d OCLCA  |d WaSeSS 
042 |a pcc  |a nsdp 
043 |a n-us--- 
050 1 4 |a HV741  |b .C5362 
060 4 |a INTERNET 
082 1 0 |a 362.7/05  |2 14 
130 0 |a Children today (Online) 
222 0 |a Children today  |b (Online) 
245 1 0 |a Children today  |h [electronic resource]. 
260 |a Washington, D.C. :  |b The Bureau :  |b For sale by the Supt. for Docs., U.S. G.P.O. 
362 1 |a Print began with vol. 1, no. 1 (Jan.-Feb. 1972); ceased with vol. 24, no. 2 (1997). 
506 |a License restrictions may limit access. 
538 |a Mode of access: World Wide Web. 
550 |a Official journal of: U.S. Department of Health, Education, and Welfare, Office of Child Development, Children's Bureau. 
588 |a Description based on: Vol. 21, issue 2 (1992); title from available issues screen (viewed Mar. 9, 1998). 
588 |a Latest issue consulted: Vol. 24, [no.] 2 (1997) (Proquest website, viewed August 13, 2012). 
650 0 |a Child welfare  |z United States  |v Periodicals. 
650 0 |a Children  |x Health and hygiene  |v Periodicals. 
650 7 |a Child welfare.  |2 fast  |0 (OCoLC)fst00854709 
650 7 |a Children  |x Health and hygiene.  |2 fast  |0 (OCoLC)fst00854953 
650 2 |a Child Welfare. 
651 7 |a United States.  |2 fast  |0 (OCoLC)fst01204155 
655 0 |a Electronic journals. 
710 1 |a United States.  |b Children's Bureau. 
776 1 |t Children today  |x 0361-4336  |w (DLC) 72620933  |w (OCoLC)1159272 
856 4 0 |z Full text available from Research Library: 01/01/1988 to 01/31/1997  |u https://search.proquest.com/publication/48923